Csődmegtámadási perek kritikája
Elmentve itt :
| Szerző: | |
|---|---|
| Dokumentumtípus: | Cikk |
| Megjelent: |
1927
|
| Sorozat: | Polgári jog : a hazai és külföldi magánjog és hiteljog szemléje
3 |
| Kulcsszavak: | Polgári jog magyar |
| Online Access: | http://misc.bibl.u-szeged.hu/4612 |
| LEADER | 00606nab a2200169 i 4500 | ||
|---|---|---|---|
| 001 | misc4612 | ||
| 005 | 20191106143004.0 | ||
| 008 | 170607s1927 hu o 0|| hun d | ||
| 040 | |a SZTE Miscellanea Repozitórium |b hun | ||
| 041 | |a hun | ||
| 100 | 1 | |a Rónai Sándor | |
| 245 | 1 | 0 | |a Csődmegtámadási perek kritikája |h [elektronikus dokumentum] / |c Rónai Sándor |
| 260 | |c 1927 | ||
| 300 | |a 230-232a | ||
| 490 | 0 | |a Polgári jog : a hazai és külföldi magánjog és hiteljog szemléje |v 3 | |
| 695 | |a Polgári jog magyar | ||
| 856 | 4 | 0 | |u http://misc.bibl.u-szeged.hu/4612/1/polgari_jog_1927_230-232a.pdf |z Dokumentum-elérés |